|
|
|
|
| LEADER |
00000nam0a2200000 4500 |
| 001 |
318833 |
| 005 |
20231102003122.0 |
| 035 |
|
|
|a (RuTPU)RU\TPU\book\344335
|
| 090 |
|
|
|a 318833
|
| 100 |
|
|
|a 20160506d1963 m y0rusy50 ca
|
| 101 |
0 |
|
|a rus
|
| 102 |
|
|
|a RU
|
| 105 |
|
|
|a a j 001zy
|
| 200 |
1 |
|
|a Лабораторный практикум по теории механизмов и деталям приборов
|e учебное пособие
|f А. И. Соловьев
|
| 210 |
|
|
|a Москва
|c Машгиз
|d 1963
|
| 215 |
|
|
|a 144 с.
|c ил.
|
| 320 |
|
|
|a Библиогр. в конце тем
|
| 606 |
1 |
|
|a Механизмы и машины
|x Теория
|2 stltpush
|3 (RuTPU)RU\TPU\subj\64695
|9 81456
|
| 606 |
1 |
|
|a Контрольно-измерительные инструменты и приборы
|2 stltpush
|3 (RuTPU)RU\TPU\subj\15519
|9 41754
|
| 610 |
1 |
|
|a лабораторные работы
|
| 610 |
1 |
|
|a учебные пособия
|
| 610 |
1 |
|
|a структурный анализ
|
| 610 |
1 |
|
|a кинематический анализ
|
| 610 |
1 |
|
|a механизмы
|
| 610 |
1 |
|
|a трение
|
| 610 |
1 |
|
|a допуски
|
| 610 |
1 |
|
|a посадки
|
| 610 |
1 |
|
|a моделирование
|
| 610 |
1 |
|
|a колебания
|
| 610 |
1 |
|
|a исследования
|
| 675 |
|
|
|a 621.01(076)
|v 4
|
| 675 |
|
|
|a 681.2(076)
|v 4
|
| 700 |
|
1 |
|a Соловьев
|b А. И.
|g Александр Иванович
|
| 801 |
|
1 |
|a RU
|b 63413507
|c 20160506
|
| 801 |
|
2 |
|a RU
|b 63413507
|c 20230202
|g RCR
|
| 942 |
|
|
|c BK
|